000 00330nam a22001457a 4500
008 211012b ||||| |||| 00| 0 eng d
020 _a9780801868603
041 _aeng
080 _a53
082 _a53
100 _a43
101 _aFIZ
245 _aNucleus A Trip Into the Heart of Matter
_cMackintosh,R
942 _2udc
_cBK
999 _c58194
_d58194